| 000 | 00593nam a22001697a 4500 | ||
|---|---|---|---|
| 003 | OSt | ||
| 005 | 20171010095514.0 | ||
| 008 | 120813t xxu||||| |||| 00| 0 eng d | ||
| 040 |
_aMMSU _cULS |
||
| 100 |
_aFrex, Corazon C. _912084 |
||
| 245 |
_aA Community-based curriculum in Biology for the municipalities of Adams, Carasi and Dumalneg _cCorazon C. Frez |
||
| 260 | _c1999 | ||
| 300 |
_axviii, 220 leaves _c28 cm. |
||
| 500 | _aThesis (MA Education-Biology) -- Mariano Marcos State University-Graduate School, Laoag City | ||
| 504 | _aBibliography: leaves 114-119 | ||
| 942 |
_2ddc _cTHEDIS |
||
| 999 |
_c9715 _d9715 |
||